header

The Asperger love guide (Record no. 1921)

MARC details
000 -LEADER
fixed length control field 01363nam a2200325Ia 4500
082 04 - DEWEY DECIMAL CLASSIFICATION NUMBER
Classification number 362.196/858832
100 1# - MAIN ENTRY--AUTHOR NAME
Personal name Edmonds, Genevieve.
245 14 - TITLE STATEMENT
Title The Asperger love guide
260 ## - PUBLICATION, DISTRIBUTION, ETC. (IMPRINT)
Place of publication London :
Name of publisher Paul Chapman Pub. ;
Place of publication Thousand Oaks, Calif. :
Name of publisher SAGE Pub.,
Year of publication 2005.
300 ## - PHYSICAL DESCRIPTION
Number of Pages x, 77 p. :
Other physical details ill.
650 #0 - SUBJECT ADDED ENTRY--TOPICAL TERM
Topical Term Asperger's syndrome
Topical Term Asperger's syndrome
Topical Term Courtship.
700 1# - ADDED ENTRY--PERSONAL NAME
Personal name Worton, Dean.
856 40 - ELECTRONIC LOCATION AND ACCESS
Uniform Resource Identifier http://site.ebrary.com/lib/rucke/Doc?id=10285281

No items available.

© 2026 Rongo University
Contact us: librarian | system librarian | Rongo university